[Event "4NCL/Div2a/BRJ vs. BARY"]
[Site "Sunningdale ENG"]
[Date "2009.01.17"]
[Round "5.3"]
[White "Headlong, Timothy"]
[Black "O'Toole, George E"]
[Result "0-1"]
[WhiteElo "2200"]
[BlackElo "2059"]
[PlyCount "120"]
[EventDate "2009.01.17"]
[SourceDate "2008.10.04"]

1. c4 Nf6 2. Nc3 e6 3. Nf3 d5 4. d4 Be7 5. Bg5 h6 6. Bh4 O-O 7. e3 Nbd7 8. Rc1
a6 9. cxd5 exd5 10. Bd3 c6 11. Qc2 Re8 12. O-O Ne4 13. Bxe7 Qxe7 14. Bxe4 dxe4
15. Nd2 Nf6 16. Rce1 Bf5 17. f3 Rad8 18. fxe4 Bxe4 19. Ncxe4 Nxe4 20. Nf3 c5
21. Ne5 Nf6 22. Rd1 cxd4 23. exd4 Qe6 24. b3 Qb6 25. Qf2 Re7 26. Nc4 Qc7 27.
Ne3 Rxe3 28. Qxe3 Qxh2+ 29. Kxh2 Ng4+ 30. Kg3 Nxe3 31. Rfe1 Nxd1 32. Rxd1 Rd5
33. Kf3 Kf8 34. Ke4 Rg5 35. Rc1 Rxg2 36. Kd5 Ke8 37. Rc7 Rg5+ 38. Ke4 b6 39.
Ra7 a5 40. Rb7 Rb5 41. d5 g5 42. Ke5 g4 43. Rb8+ Ke7 44. Rb7+ Kf8 45. Kf6 Ke8
46. Ke5 h5 47. Rb8+ Ke7 48. Rh8 g3 49. Kf4 h4 50. Rxh4 Rb4+ 51. Kxg3 Rxh4 52.
Kxh4 Kd6 53. Kg5 Kxd5 54. Kf6 Kc5 55. Kxf7 Kb4 56. Ke6 Ka3 57. Kd5 Kxa2 58. Kc4
Ka3 59. Kc3 b5 60. Kc2 b4 0-1

[Event "4NCL/Div2a/BRJ vs. BARY"]
[Site "Sunningdale ENG"]
[Date "2009.01.17"]
[Round "5.4"]
[White "Sen, Subin"]
[Black "Hall, Daniel J"]
[Result "1-0"]
[WhiteElo "2066"]
[BlackElo "2133"]
[PlyCount "91"]
[EventDate "2009.01.17"]
[SourceDate "2008.10.04"]

1. Nf3 Nf6 2. c4 e6 3. g3 b6 4. Bg2 Bb7 5. O-O Be7 6. Nc3 O-O 7. Re1 Ne4 8.
Nxe4 Bxe4 9. d3 Bb7 10. d4 f5 11. d5 Bf6 12. Nd4 Bxd4 13. Qxd4 c5 14. Qd3 Na6
15. a3 Rf7 16. Bf4 Qf6 17. dxe6 dxe6 18. Bxb7 Rxb7 19. Qf3 Qf7 20. e4 Rd8 21.
exf5 exf5 22. Rad1 Rbd7 23. Rxd7 Qxd7 24. Bg5 Rf8 25. Re7 Qd4 26. Rxa7 Nb8 27.
Qd5+ Kh8 28. Qb7 Qxb2 29. Bf4 Qb1+ 30. Kg2 Qe4+ 31. Qxe4 fxe4 32. Bd6 Rg8 33.
Rb7 Nc6 34. Rxb6 Na5 35. Bxc5 Nxc4 36. Re6 e3 37. Re4 e2 38. Rxe2 h6 39. Re4
Nd2 40. Re7 Nb3 41. Bb4 Nd4 42. Rd7 Ne6 43. Rb7 Rc8 44. a4 Rc2 45. a5 Nd4 46.
a6 1-0

[Event "4NCL/Div2a/BRJ vs. BARY"]
[Site "Sunningdale ENG"]
[Date "2009.01.17"]
[Round "5.5"]
[White "Richmond, Jane"]
[Black "Moore, John C"]
[Result "1/2-1/2"]
[WhiteElo "2137"]
[BlackElo "2060"]
[PlyCount "25"]
[EventDate "2009.01.17"]
[SourceDate "2008.10.04"]

1. d4 d5 2. Nc3 Nf6 3. Bg5 Nbd7 4. Qd3 g6 5. e4 dxe4 6. Nxe4 Bg7 7. Nf3 Nxe4 8.
Qxe4 Nf6 9. Qe3 Qd5 10. Bd3 Bf5 11. Bxf5 Qxf5 12. O-O h6 13. Bxf6 1/2-1/2

[Event "4NCL/Div2a/BRJ vs. BARY"]
[Site "Sunningdale ENG"]
[Date "2009.01.17"]
[Round "5.6"]
[White "Brett, Andrew"]
[Black "Cabero, Pablo Padilla"]
[Result "1-0"]
[WhiteElo "2065"]
[BlackElo "2162"]
[PlyCount "137"]
[EventDate "2009.01.17"]
[SourceDate "2008.10.04"]

1. c4 f5 2. g3 Nf6 3. Bg2 e6 4. Nc3 d5 5. d4 c6 6. Nf3 Be7 7. Qc2 a5 8. O-O O-O
9. Ne5 Nfd7 10. Nxd7 Nxd7 11. b3 g5 12. Bb2 Qe8 13. e3 Nf6 14. Na4 Qh5 15. Nb6
Rb8 16. f3 Bd6 17. Rae1 Bc7 18. Nxc8 Rbxc8 19. Ba3 Rf7 20. cxd5 cxd5 21. Rc1
Re8 22. Qe2 Rg7 23. Rc2 e5 24. dxe5 Bxe5 25. Qd3 f4 26. exf4 gxf4 27. g4 Qf7
28. Rfc1 Qd7 29. Bf1 h5 30. h3 hxg4 31. hxg4 b5 32. Bc5 b4 33. Bd4 Bxd4+ 34.
Qxd4 Qe7 35. Re2 Qa7 36. Qxa7 Rxa7 37. Rxe8+ Nxe8 38. Rc5 Nc7 39. Rc2 Kf7 40.
Kf2 Kf6 41. Rc6+ Ke5 42. Rc1 Kd6 43. Bd3 a4 44. Bc2 axb3 45. Bxb3 Nb5 46. Rd1
Nc3 47. Rd4 Kc5 48. Rd2 Rh7 49. Kg2 Rh6 50. Rd3 Ra6 51. Rd2 Re6 52. Kf2 Re5 53.
Rb2 d4 54. Rd2 Nd5 55. Rc2+ Nc3 56. Rd2 Re7 57. Kf1 Nb1 58. Re2 Rd7 59. Re5+
Kb6 60. Rd5 Rxd5 61. Bxd5 Nc3 62. Bb3 Nb5 63. g5 Nd6 64. Ke2 Kc5 65. Kd3 Ne8
66. Ke4 Ng7 67. Kxf4 Nh5+ 68. Kg4 Ng7 69. f4 1-0

[Event "4NCL/Div2a/BRJ vs. BARY"]
[Site "Sunningdale ENG"]
[Date "2009.01.17"]
[Round "5.7"]
[White "Tomboline, David"]
[Black "Cumming, Rhys"]
[Result "1/2-1/2"]
[WhiteElo "2018"]
[BlackElo "1883"]
[PlyCount "85"]
[EventDate "2009.01.17"]
[SourceDate "2008.10.04"]

1. d4 Nf6 2. Nf3 g6 3. Bf4 Bg7 4. e3 O-O 5. Be2 c5 6. c3 b6 7. O-O Bb7 8. a4 d6
9. h3 Nbd7 10. Nbd2 Rc8 11. Re1 a6 12. Bf1 Rc7 13. Nc4 Qa8 14. Nxd6 exd6 15.
Bxd6 Rcc8 16. Bxf8 Rxf8 17. Nd2 Rd8 18. Qe2 Nf8 19. Nc4 N6d7 20. Nd6 Bc6 21. b4
Qb8 22. bxc5 bxc5 23. Nc4 Qc7 24. Qc2 Rc8 25. Rec1 Ne6 26. Qd1 Nf6 27. Ne5 Bb7
28. Rab1 Ne4 29. Nc4 Rd8 30. Qb3 Bd5 31. Qb6 Qxb6 32. Rxb6 Nc7 33. Na5 Ra8 34.
Bc4 Nf6 35. Bxd5 Ncxd5 36. Rb7 Rc8 37. Nb3 Ne4 38. c4 Nb4 39. Nxc5 Nxc5 40.
Rxb4 Nd3 41. Rcb1 Nxb4 42. Rxb4 a5 43. Rb5 1/2-1/2

[Event "4NCL/Div2a/BRJ vs. BARY"]
[Site "Sunningdale ENG"]
[Date "2009.01.17"]
[Round "5.8"]
[White "Smith, Lucy"]
[Black "Rabbitt, Michael"]
[Result "0-1"]
[WhiteElo "1830"]
[BlackElo "2025"]
[PlyCount "238"]
[EventDate "2009.01.17"]
[SourceDate "2008.10.04"]

1. d4 d5 2. c4 c6 3. e3 Nf6 4. Nc3 Bf5 5. Bd3 Bg6 6. Bxg6 hxg6 7. cxd5 cxd5 8.
Nf3 e6 9. Ne5 Nbd7 10. Nxd7 Nxd7 11. Bd2 Bd6 12. h3 Rc8 13. Rc1 a6 14. Na4 O-O
15. Rxc8 Qxc8 16. Qc1 Qxc1+ 17. Bxc1 Rc8 18. Nc3 b5 19. Kd2 Nb6 20. Kd3 Bb4 21.
a3 Bxc3 22. bxc3 Nc4 23. Re1 f5 24. Re2 Nd6 25. Bb2 Rc4 26. Bc1 Kf7 27. Rb2 a5
28. f3 Ke7 29. Rb3 Kd7 30. Bd2 Kc6 31. Bc1 Kb6 32. Bd2 Ka6 33. Rb1 Kb6 34. Rb3
Kc6 35. Bc1 Ra4 36. Bd2 Nc4 37. Bc1 e5 38. Kc2 e4 39. f4 Nd6 40. g3 Rc4 41. Bd2
Kd7 42. Rb1 Ke6 43. h4 Rc8 44. Bc1 Kd7 45. Bd2 a4 46. Ra1 Ne8 47. Kb2 Nf6 48.
Kc2 Ng4 49. Rb1 Kc6 50. Rf1 Kb6 51. Kb2 Rc4 52. Kc2 b4 53. axb4 Kb5 54. Ra1 Rc8
55. Rb1 Nf6 56. Rh1 Rh8 57. Rg1 Kc4 58. Ra1 Ra8 59. Rb1 Kb5 60. Ra1 Ne8 61. Bc1
Nd6 62. Bd2 Kc4 63. Rb1 Nb5 64. Ra1 Ra7 65. Ra2 Nd6 66. Bc1 Kb5 67. Bd2 Ra8 68.
Ra1 Nc4 69. Ra2 Nb6 70. Ra1 Nd7 71. Rb1 Nf6 72. Ra1 Ng4 73. Rf1 Kc4 74. Rb1 Kb5
75. Rf1 Nh2 76. Ra1 Nf3 77. Ra3 Kc4 78. Ra1 Ra6 79. Rb1 Kb5 80. Ra1 Rc6 81. Rb1
Ra6 82. Ra1 Nh2 83. Rh1 a3 84. Ra1 Kc4 85. b5 Kxb5 86. Rb1+ Kc6 87. Ra1 a2 88.
Kb2 Kb5 89. Kb3 Nf1 90. Bc1 Nxg3 91. Ba3 Nh5 92. Rxa2 Nf6 93. Rb2 Ng4 94. Re2
Rc6 95. Bc1 Rc8 96. Re1 Rh8 97. Rh1 Ra8 98. Bd2 Kc6 99. Kb2 Rb8+ 100. Kc2 Kd6
101. Ra1 Rc8 102. Ra6+ Rc6 103. Ra1 Ke7 104. Rh1 Rc8 105. Ra1 Kf7 106. Ra5 Nf6
107. Ra1 Kg8 108. Be1 Rc7 109. Ra8+ Kh7 110. Bd2 Nd7 111. Ra5 Nb6 112. Rb5 Rc6
113. Bc1 Kh6 114. Ba3 Nc4 115. Bc1 Rd6 116. Rb8 Kh5 117. Kd1 Kg4 118. Ke2 Ra6
119. Kd1 Kf3 0-1

[Event "4NCL/Div2a/PPA1 vs. OXF1"]
[Site "Sunningdale ENG"]
[Date "2009.01.18"]
[Round "6.1"]
[White "Swanson, Stephen"]
[Black "Savage, Ben D"]
[Result "0-1"]
[WhiteElo "2244"]
[BlackElo "2307"]
[PlyCount "86"]
[EventDate "2009.01.18"]
[SourceDate "2008.10.04"]

1. e4 e5 2. Nc3 Nf6 3. f4 d5 4. fxe5 Nxe4 5. Qf3 Nc6 6. Bb5 Nxc3 7. dxc3 Qh4+
8. g3 Qe4+ 9. Qxe4 dxe4 10. Bxc6+ bxc6 11. Ne2 Bc5 12. Nd4 Bh3 13. Bf4 O-O-O
14. O-O-O h6 15. Rhe1 g5 16. Be3 Rhe8 17. b4 Bb6 18. c4 c5 19. Nb3 Rxd1+ 20.
Kxd1 c6 21. Nxc5 Rxe5 22. a4 f5 23. a5 Bd8 24. Nb3 Re7 25. b5 Rf7 26. Bg1 Bg2
27. b6 axb6 28. Bxb6 f4 29. Bxd8 Kxd8 30. gxf4 gxf4 31. Nc5 e3 32. Nd3 Bf3+ 33.
Kc1 Be4 34. Nxf4 Rxf4 35. Rxe3 Kc7 36. Kb2 Kb7 37. Rh3 Rf6 38. Kb3 Rf3+ 39.
Rxf3 Bxf3 40. Kb4 Ka6 41. h4 h5 42. c3 Bg2 43. Ka4 c5 0-1

[Event "4NCL/Div2a/PPA1 vs. OXF1"]
[Site "Sunningdale ENG"]
[Date "2009.01.18"]
[Round "6.2"]
[White "Rose, Matthew"]
[Black "Harley, Andrew"]
[Result "1/2-1/2"]
[WhiteElo "2261"]
[BlackElo "2212"]
[PlyCount "107"]
[EventDate "2009.01.18"]
[SourceDate "2008.10.04"]

1. e4 e6 2. d4 d5 3. Nd2 c5 4. exd5 Qxd5 5. Ngf3 cxd4 6. Bc4 Qd6 7. O-O Nf6 8.
Nb3 Nc6 9. Nbxd4 Nxd4 10. Nxd4 a6 11. Re1 Qc7 12. Bb3 Bd6 13. h3 O-O 14. Bg5
Bh2+ 15. Kh1 Be5 16. c3 h6 17. Nf3 Rd8 18. Qc1 hxg5 19. Nxe5 Nd5 20. g3 f6 21.
Ng4 Kh8 22. Qc2 Ne7 23. Rad1 e5 24. Rxd8+ Qxd8 25. Rd1 Qb6 26. Qd2 Bf5 27. Kh2
Nc6 28. Ne3 Rd8 29. Qe2 Bg6 30. Rxd8+ Qxd8 31. Bd5 Qb6 32. b4 Ne7 33. Bg2 a5
34. a3 axb4 35. axb4 Qc7 36. Qc4 Qxc4 37. Nxc4 Bd3 38. Nb2 Ba6 39. Na4 Bb5 40.
Nb6 Bc6 41. c4 Kg8 42. b5 Bxg2 43. Kxg2 Kf7 44. c5 Ke6 45. Kf3 Nf5 46. Ke4 Nd4
47. f4 gxf4 48. gxf4 f5+ 49. Ke3 Nxb5 50. fxe5 Kxe5 51. Nc4+ Kd5 52. Na5 Kxc5
53. Nxb7+ Kc6 54. Kf4 1/2-1/2

[Event "4NCL/Div2a/PPA1 vs. OXF1"]
[Site "Sunningdale ENG"]
[Date "2009.01.18"]
[Round "6.3"]
[White "Byway, Paul"]
[Black "Eckersley-Waites, Tom"]
[Result "0-1"]
[WhiteElo "2167"]
[BlackElo "2227"]
[PlyCount "88"]
[EventDate "2009.01.18"]
[SourceDate "2008.10.04"]

1. Nf3 d5 2. d4 Nf6 3. Bf4 c5 4. e3 Nc6 5. c3 Qb6 6. Qb3 c4 7. Qxb6 axb6 8. Be2
b5 9. O-O Bf5 10. Na3 Ra5 11. Bc7 Rxa3 12. bxa3 e6 13. a4 bxa4 14. Ne5 Nxe5 15.
Bxe5 Ne4 16. Rfc1 Ba3 17. f3 Bxc1 18. Rxc1 Nd2 19. Bf4 Bd3 20. Kf2 Kd7 21. e4
Nxe4+ 22. fxe4 dxe4 23. Bxd3 exd3 24. Rb1 Kc6 25. Re1 Rd8 26. g4 Rd5 27. Re5
Rxe5 28. Bxe5 f6 29. Bf4 Kd5 30. Kf3 b5 31. a3 b4 32. cxb4 Kxd4 33. Be3+ Kd5
34. Bd2 g6 35. Bc3 e5 36. h4 h5 37. gxh5 gxh5 38. Ke3 f5 39. b5 e4 40. Kf4 Kc5
41. Bd2 Kxb5 42. Kxf5 e3 43. Bxe3 c3 44. Ke4 d2 0-1

[Event "4NCL/Div2a/PPA1 vs. OXF1"]
[Site "Sunningdale ENG"]
[Date "2009.01.18"]
[Round "6.4"]
[White "Shaw, David A"]
[Black "Goodger, Martyn"]
[Result "1/2-1/2"]
[WhiteElo "2240"]
[BlackElo "2153"]
[PlyCount "40"]
[EventDate "2009.01.18"]
[SourceDate "2008.10.04"]

1. e4 e5 2. Nf3 Nf6 3. Nxe5 d6 4. Nf3 Nxe4 5. d4 d5 6. Bd3 Bd6 7. O-O O-O 8. c4
c6 9. Nc3 Nxc3 10. bxc3 dxc4 11. Bxc4 Bg4 12. Qd3 Bh5 13. Ng5 Bg6 14. Qf3 h6
15. Nh3 Nd7 16. Nf4 Bh7 17. Nh5 Qh4 18. Bf4 Bxf4 19. Nxf4 Nb6 20. Bb3 Qf6
1/2-1/2

[Event "4NCL/Div2a/PPA1 vs. OXF1"]
[Site "Sunningdale ENG"]
[Date "2009.01.18"]
[Round "6.5"]
[White "Rosen, Daniel B"]
[Black "Smallbone, Kieran"]
[Result "1/2-1/2"]
[WhiteElo "2149"]
[BlackElo "2237"]
[PlyCount "44"]
[EventDate "2009.01.18"]
[SourceDate "2008.10.04"]

1. f4 d5 2. Nf3 Nf6 3. b3 Bg4 4. Bb2 Bxf3 5. exf3 e6 6. Nc3 Bd6 7. g3 c6 8. Qe2
Qe7 9. Nd1 Nbd7 10. Nf2 O-O-O 11. a4 Rhe8 12. Nd3 Nc5 13. Bh3 Nxd3+ 14. Qxd3
Kb8 15. O-O h5 16. Kg2 h4 17. Qe3 hxg3 18. hxg3 Qc7 19. Rae1 Nh5 20. Bg4 Nf6
21. Bh3 Nh5 22. Bg4 Nf6 1/2-1/2

[Event "4NCL/Div2a/PPA1 vs. OXF1"]
[Site "Sunningdale ENG"]
[Date "2009.01.18"]
[Round "6.6"]
[White "White, Michael J R"]
[Black "Winfridsson, Ola"]
[Result "1-0"]
[WhiteElo "2252"]
[BlackElo "2127"]
[PlyCount "47"]
[EventDate "2009.01.18"]
[SourceDate "2008.10.04"]

1. e4 c6 2. c4 d5 3. exd5 cxd5 4. cxd5 Nf6 5. Qa4+ Nbd7 6. Nc3 a6 7. Nf3 g6 8.
Bc4 Rb8 9. d6 e6 10. d4 Bxd6 11. Qc2 b5 12. Bb3 Qc7 13. d5 e5 14. Bg5 b4 15.
Ne4 Nxe4 16. Qxe4 Nc5 17. Qh4 Nd3+ 18. Kd2 Bf5 19. Rac1 Nxc1 20. Rxc1 Qd7 21.
Bf6 Be7 22. Nxe5 Qd6 23. Bxe7 Qxe5 24. Bf6 1-0

[Event "4NCL/Div2a/PPA1 vs. OXF1"]
[Site "Sunningdale ENG"]
[Date "2009.01.18"]
[Round "6.7"]
[White "Rudd, David R"]
[Black "Rawlinson, Aidan"]
[Result "0-1"]
[WhiteElo "1900"]
[BlackElo "2236"]
[PlyCount "58"]
[EventDate "2009.01.18"]
[SourceDate "2008.10.04"]

1. b4 d5 2. Bb2 Qd6 3. a3 a5 4. b5 e5 5. e3 c5 6. c4 d4 7. exd4 exd4 8. d3 Nf6
9. Be2 Be7 10. Nf3 O-O 11. O-O h6 12. Nbd2 Bf5 13. Re1 Nbd7 14. Bf1 Bh7 15. h3
Rae8 16. Ne4 Nxe4 17. dxe4 Bd8 18. Bd3 Re6 19. Bc1 Rfe8 20. Qc2 Qe7 21. Bd2 b6
22. e5 Bxd3 23. Qxd3 Bc7 24. Kf1 Bxe5 25. Re4 Qf6 26. Rae1 Bc7 27. Nh4 Ne5 28.
Qe2 Nxc4 29. Rxe6 Nxd2+ 0-1

[Event "4NCL/Div2a/PPA1 vs. OXF1"]
[Site "Sunningdale ENG"]
[Date "2009.01.18"]
[Round "6.8"]
[White "Tidman, Sophie"]
[Black "Mountford, Corinne"]
[Result "1-0"]
[WhiteElo "2093"]
[BlackElo "1650"]
[PlyCount "53"]
[EventDate "2009.01.18"]
[SourceDate "2008.10.04"]

1. e4 d6 2. d4 g6 3. Nc3 a6 4. Be3 Bg7 5. Qd2 b6 6. O-O-O Nd7 7. h4 h6 8. Nf3
c5 9. Bc4 Bb7 10. Rhe1 Rc8 11. dxc5 Nxc5 12. Bd4 Nf6 13. Qf4 O-O 14. Bxf6 Qc7
15. Bxg7 Kxg7 16. Bd5 b5 17. Bxb7 Nxb7 18. e5 b4 19. Qxb4 dxe5 20. Nxe5 Rfd8
21. Rxd8 Nxd8 22. h5 g5 23. Qe4 Ne6 24. Nxf7 Nf4 25. Ne5 Nxh5 26. Qg6+ Kf8 27.
Qf7# 1-0

[Event "4NCL/Div2a/BARY vs. JUTK"]
[Site "Sunningdale ENG"]
[Date "2009.01.18"]
[Round "6.1"]
[White "Ynojosa, Felix J"]
[Black "Williams, Simon K"]
[Result "1/2-1/2"]
[WhiteElo "2174"]
[BlackElo "2507"]
[PlyCount "81"]
[EventDate "2009.01.18"]
[SourceDate "2008.10.04"]

1. e4 e6 2. d4 d5 3. exd5 exd5 4. Nf3 Nc6 5. c3 Bd6 6. Bd3 Nge7 7. Bg5 f6 8.
Bh4 Bg4 9. h3 Bh5 10. Nbd2 Qd7 11. Nf1 O-O-O 12. Ne3 g5 13. Bg3 f5 14. Bxd6
cxd6 15. Qc2 f4 16. Nf5 Bxf3 17. gxf3 Rdf8 18. Nxe7+ Qxe7+ 19. Kd2 Qf7 20. h4
h6 21. h5 Kb8 22. Qb3 Na5 23. Qb4 Qc7 24. Rae1 Nc4+ 25. Bxc4 dxc4 26. Re6 Rd8
27. Qb5 a6 28. Qd5 Qf7 29. Qxc4 d5 30. Qe2 Rhe8 31. Qe5+ Ka7 32. Rxe8 Rxe8 33.
Qd6 Re6 34. Qc5+ b6 35. Qc8 Qe7 36. Kd1 a5 37. b4 Re2 38. b5 Rxa2 39. Qa6+ Kb8
40. Qxb6+ Kc8 41. Qa6+ 1/2-1/2

[Event "4NCL/Div2a/BARY vs. JUTK"]
[Site "Sunningdale ENG"]
[Date "2009.01.18"]
[Round "6.2"]
[White "Harakis, Alexis"]
[Black "Hodgson, John H"]
[Result "1/2-1/2"]
[WhiteElo "2253"]
[BlackElo "2193"]
[PlyCount "108"]
[EventDate "2009.01.18"]
[SourceDate "2008.10.04"]

1. d4 Nf6 2. c4 g6 3. Nc3 d5 4. cxd5 Nxd5 5. e4 Nxc3 6. bxc3 Bg7 7. Bc4 c5 8.
Ne2 Nc6 9. Be3 O-O 10. O-O Na5 11. Bd3 b6 12. Rc1 e6 13. dxc5 Qc7 14. cxb6 axb6
15. c4 Nb7 16. Nc3 Nc5 17. Bb1 Bb7 18. f3 Rfd8 19. Qe2 Bc6 20. Nb5 Bxb5 21.
cxb5 Bd4 22. Rfd1 Bxe3+ 23. Qxe3 Rxd1+ 24. Rxd1 Rd8 25. Rxd8+ Qxd8 26. Bc2 e5
27. Qc3 Qd6 28. Qb4 Nb7 29. Qxd6 Nxd6 30. a4 Nb7 31. Bb3 Nc5 32. a5 bxa5 33.
Bd5 Kf8 34. b6 Ke7 35. b7 Na6 36. Kf2 f6 37. Ke3 Kd6 38. Kd3 Kc5 39. Kc3 Nb8
40. h4 h6 41. Kb3 Kb5 42. Bf7 g5 43. hxg5 hxg5 44. Be8+ Kc5 45. Ka4 Kb6 46. Bb5
Kxb7 47. Kxa5 Nc6+ 48. Bxc6+ Kxc6 49. Kb4 Kb6 50. Kc4 Kc6 51. g3 Kd6 52. Kb5
Kd7 53. Kc5 Kc7 54. Kd5 Kd7 1/2-1/2

[Event "4NCL/Div2a/BARY vs. JUTK"]
[Site "Sunningdale ENG"]
[Date "2009.01.18"]
[Round "6.3"]
[White "Sen, Subin"]
[Black "Naylor, John"]
[Result "0-1"]
[WhiteElo "2066"]
[BlackElo "2183"]
[PlyCount "86"]
[EventDate "2009.01.18"]
[SourceDate "2008.10.04"]

1. Nf3 Nf6 2. c4 g6 3. g3 Bg7 4. Bg2 O-O 5. O-O d6 6. d4 c6 7. Nc3 Bf5 8. Ne1
Qc8 9. e4 Bh3 10. Nc2 Bxg2 11. Kxg2 c5 12. d5 b5 13. cxb5 a6 14. b6 Qb7 15. Rb1
Qxb6 16. Bd2 Nbd7 17. b4 Rfb8 18. Qe2 e6 19. dxe6 fxe6 20. Qc4 d5 21. exd5 exd5
22. bxc5 dxc4 23. cxb6 Rxb6 24. Be3 Rd6 25. Bd4 Ng4 26. Bxg7 Kxg7 27. Rfd1 Rd3
28. Ne1 Rxd1 29. Rxd1 Ndf6 30. Nf3 Rb8 31. h3 Nh6 32. g4 Nf7 33. g5 Nh5 34. Rd4
Rc8 35. h4 Rc5 36. Rd7 Nf4+ 37. Kg3 Nh5+ 38. Kg4 Kf8 39. Rd5 Nh6+ 40. gxh6 Nf6+
41. Kg3 Nxd5 42. Ng5 Kg8 43. Ne6 Ra5 0-1

[Event "4NCL/Div2a/BARY vs. JUTK"]
[Site "Sunningdale ENG"]
[Date "2009.01.18"]
[Round "6.4"]
[White "Rice, Chris"]
[Black "Moore, John C"]
[Result "1/2-1/2"]
[WhiteElo "2120"]
[BlackElo "2060"]
[PlyCount "28"]
[EventDate "2009.01.18"]
[SourceDate "2008.10.04"]

1. c4 c6 2. g3 d5 3. Bg2 Nf6 4. Nf3 Bf5 5. cxd5 cxd5 6. Qb3 Qb6 7. Qxb6 axb6 8.
Nc3 Nc6 9. d3 e6 10. Nb5 Bb4+ 11. Bd2 Bxd2+ 12. Kxd2 Kd7 13. Nfd4 Bg6 14. a3
Rhc8 1/2-1/2

[Event "4NCL/Div2a/BARY vs. JUTK"]
[Site "Sunningdale ENG"]
[Date "2009.01.18"]
[Round "6.5"]
[White "O'Toole, George E"]
[Black "Howell, Christopher"]
[Result "1-0"]
[WhiteElo "2059"]
[BlackElo "2092"]
[PlyCount "83"]
[EventDate "2009.01.18"]
[SourceDate "2008.10.04"]

1. e4 c5 2. Nf3 e6 3. c3 d5 4. e5 Nc6 5. d4 Qb6 6. Be2 cxd4 7. cxd4 Nge7 8. b3
Nf5 9. Bb2 Bb4+ 10. Kf1 h5 11. h4 g6 12. g3 Bd7 13. Nc3 Ncxd4 14. Nxd4 Qxd4 15.
Qxd4 Nxd4 16. Nxd5 Nxe2 17. Nxb4 Bb5 18. Ke1 a5 19. Nc2 Rc8 20. Na3 Bc6 21.
Kxe2 Bxh1 22. Rxh1 O-O 23. Rd1 a4 24. bxa4 Ra8 25. Rd4 Ra6 26. Nb5 Rc8 27. Kd3
Rc5 28. Rd8+ Kg7 29. Ba3 Rd5+ 30. Rxd5 exd5 31. Nc3 f6 32. f4 fxe5 33. fxe5 Kf7
34. Kd4 Ke6 35. Bb4 Ra8 36. Nxd5 Rxa4 37. a3 Kf5 38. Ne7+ Kg4 39. Nxg6 Kxg3 40.
e6 Kg4 41. e7 Ra8 42. Ke5 1-0

[Event "4NCL/Div2a/BARY vs. JUTK"]
[Site "Sunningdale ENG"]
[Date "2009.01.18"]
[Round "6.6"]
[White "Rich, Mark"]
[Black "Brett, Andrew"]
[Result "1-0"]
[WhiteElo "2147"]
[BlackElo "2065"]
[PlyCount "53"]
[EventDate "2009.01.18"]
[SourceDate "2008.10.04"]

1. e4 c5 2. Nc3 a6 3. f4 b5 4. Nf3 Bb7 5. d3 e6 6. g3 d5 7. exd5 b4 8. Ne4 Bxd5
9. Be3 Nd7 10. Bg2 Ngf6 11. Nf2 h5 12. h3 Bd6 13. Qe2 Qc7 14. O-O c4 15. Bd4
cxd3 16. cxd3 h4 17. Nxh4 Bxf4 18. Ng4 Bxg2 19. Nxf6+ gxf6 20. Qxg2 Rc8 21.
Rxf4 e5 22. Re4 Rh5 23. Be3 Qd6 24. Qe2 Rh8 25. Nf5 Qd5 26. h4 Qa5 27. Rc4 1-0

[Event "4NCL/Div2a/BARY vs. JUTK"]
[Site "Sunningdale ENG"]
[Date "2009.01.18"]
[Round "6.7"]
[White "Cumming, Rhys"]
[Black "Donovan, Nigel"]
[Result "1/2-1/2"]
[WhiteElo "1883"]
[BlackElo "2087"]
[PlyCount "58"]
[EventDate "2009.01.18"]
[SourceDate "2008.10.04"]

1. e4 c5 2. c3 Nf6 3. e5 Nd5 4. d4 cxd4 5. Nf3 e6 6. cxd4 b6 7. Nc3 Nxc3 8.
bxc3 Qc7 9. Bd2 Bb7 10. Bd3 d6 11. O-O Nd7 12. Re1 dxe5 13. Qe2 Be7 14. Bc2 O-O
15. dxe5 Bxf3 16. gxf3 Rfd8 17. Rad1 Rac8 18. Qe4 g6 19. h4 Qc4 20. h5 Qxe4 21.
Rxe4 Rc5 22. hxg6 hxg6 23. f4 Nf8 24. Kf1 Rcd5 25. Ke2 Bc5 26. Bb3 Rd3 27. f3
b5 28. Bc2 R3d7 29. Ke1 a6 1/2-1/2

[Event "4NCL/Div2a/BARY vs. JUTK"]
[Site "Sunningdale ENG"]
[Date "2009.01.18"]
[Round "6.8"]
[White "Wilson, Alexandra"]
[Black "Ynojosa, Angelica M"]
[Result "1/2-1/2"]
[WhiteElo "2039"]
[BlackElo "1742"]
[PlyCount "90"]
[EventDate "2009.01.18"]
[SourceDate "2008.10.04"]

1. e4 c5 2. Nf3 e6 3. c3 Nf6 4. e5 Nd5 5. d4 cxd4 6. cxd4 d6 7. a3 Nc6 8. Bd3
Qc7 9. O-O Bd7 10. Re1 dxe5 11. dxe5 Be7 12. Bd2 O-O 13. Nc3 Nxc3 14. Bxc3 h6
15. Qe2 g6 16. Qe4 Be8 17. Bd2 Kg7 18. b4 a6 19. Rac1 Qd7 20. Qe3 Rh8 21. Be4
Rd8 22. Bc3 Qc7 23. Bd4 Qb8 24. Bb6 Rc8 25. Qf4 f5 26. exf6+ Bxf6 27. Qe3 Ne7
28. Ba7 Qa8 29. Bc5 Bf7 30. Bxe7 Bxe7 31. Qb6 Rxc1 32. Rxc1 Rc8 33. Rd1 Rd8 34.
Rxd8 Qxd8 35. Qxd8 Bxd8 36. Bxb7 a5 37. b5 Be8 38. a4 Kf7 39. Kf1 Ke7 40. Ke2
Kd6 41. Be4 e5 42. Kd3 g5 43. Nd2 Bc7 44. Kc2 Bf7 45. Bc6 Kc5 1/2-1/2

[Event "4NCL/Div2a/ANGA vs. PANDG"]
[Site "Sunningdale ENG"]
[Date "2009.01.18"]
[Round "6.1"]
[White "Talsma, Paul A"]
[Black "Civin, Tomas"]
[Result "0-1"]
[WhiteElo "2269"]
[BlackElo "2421"]
[PlyCount "59"]
[EventDate "2009.01.18"]
[SourceDate "2008.10.04"]

1. d4 d6 2. e4 g6 3. Bc4 Bg7 4. Nf3 a6 5. O-O b5 6. Bb3 Bb7 7. Qe2 c5 8. c3 e5
9. a4 c4 10. Bc2 Ne7 11. Rd1 Nd7 12. axb5 axb5 13. Rxa8 Qxa8 14. Na3 Ba6 15.
dxe5 dxe5 16. Be3 Qc6 17. Qd2 f6 18. Qd6 Bf8 19. h3 g5 20. Nh2 h5 21. Nf1 g4
22. Ng3 Bb7 23. Qb4 h4 24. Nf1 gxh3 25. gxh3 f5 26. Nxb5 Nd5 27. Nd6+ Bxd6 28.
exd5 Rg8+ 29. Ng3 Qc7 30. Bxf5 0-1

[Event "4NCL/Div2a/ANGA vs. PANDG"]
[Site "Sunningdale ENG"]
[Date "2009.01.18"]
[Round "6.2"]
[White "Stone, Andrew"]
[Black "Munson, Shaun D"]
[Result "1-0"]
[WhiteElo "2226"]
[BlackElo "2175"]
[PlyCount "123"]
[EventDate "2009.01.18"]
[SourceDate "2008.10.04"]

1. e4 c5 2. Nf3 Nc6 3. d4 cxd4 4. Nxd4 e5 5. Nb5 d6 6. N1c3 a6 7. Na3 Be7 8.
Nc4 Nf6 9. Be3 b5 10. Nb6 Rb8 11. Nxc8 Qxc8 12. Bd3 O-O 13. O-O Ng4 14. Bd2 Bd8
15. Nd5 Nf6 16. Ne3 Ne7 17. Qe2 Qb7 18. f3 Nd7 19. c3 Nc5 20. Bc2 a5 21. Kh1 g6
22. Ng4 f5 23. exf5 gxf5 24. Nf2 Ng6 25. Rad1 Qg7 26. Nh3 Kh8 27. Be3 Bc7 28.
Rd5 Ne7 29. Rd2 Nd7 30. Rfd1 f4 31. Ba7 Rb7 32. Bg1 Nf6 33. Re1 Qh6 34. Red1
Rd8 35. Bc5 Nc8 36. Bf5 d5 37. Bxc8 Rxc8 38. Be7 Nh5 39. Bg5 Qe6 40. Rxd5 Re8
41. Rd7 Ng7 42. Qe4 Ra7 43. Bh4 Bb8 44. Rd8 Qg6 45. Qxg6 hxg6 46. Bf6 Kg8 47.
Bxg7 Rxd8 48. Rxd8+ Kxg7 49. Rxb8 b4 50. cxb4 axb4 51. Rxb4 Rxa2 52. Kg1 Ra1+
53. Kf2 Rc1 54. Ng1 Kf6 55. Ne2 g5 56. Rb6+ Kf7 57. h3 Rc2 58. Kf1 Rd2 59. Nc3
Rc2 60. Nd5 Rc1+ 61. Kf2 Rc2+ 62. Kg1 1-0

[Event "4NCL/Div2a/ANGA vs. PANDG"]
[Site "Sunningdale ENG"]
[Date "2009.01.18"]
[Round "6.3"]
[White "Gregory, Stephen J"]
[Black "Walton, Alan J"]
[Result "1/2-1/2"]
[WhiteElo "2169"]
[BlackElo "2189"]
[PlyCount "113"]
[EventDate "2009.01.18"]
[SourceDate "2008.10.04"]

1. e4 e6 2. d3 d5 3. Nd2 Nf6 4. Ngf3 Nc6 5. g3 Bc5 6. h3 O-O 7. Bg2 dxe4 8.
dxe4 e5 9. O-O b6 10. Nh4 g6 11. c3 a5 12. Qf3 Ne8 13. Rd1 Qf6 14. Nf1 Qxf3 15.
Nxf3 Nf6 16. N3h2 Be6 17. Bg5 Nh5 18. Ne3 Bxe3 19. Bxe3 Rfd8 20. Rxd8+ Rxd8 21.
Bf1 f6 22. Kg2 Ng7 23. Ng4 Kf7 24. Bb5 Na7 25. Be2 Nc6 26. f3 Ne8 27. Bc1 Nd6
28. Ne3 Ne7 29. g4 f5 30. exf5 gxf5 31. gxf5 Ndxf5 32. Ng4 Ng6 33. Kf2 h5 34.
Bg5 Rh8 35. Nf6 Nf4 36. Bxf4 Kxf6 37. Bd2 Rd8 38. Rd1 Nd6 39. h4 Rf8 40. b3 a4
41. c4 axb3 42. axb3 Bf5 43. b4 e4 44. Bh6 Re8 45. c5 bxc5 46. bxc5 exf3 47.
Bxf3 Ne4+ 48. Bxe4 Rxe4 49. Bg5+ Ke5 50. Bd8 Rf4+ 51. Kg3 Rg4+ 52. Kh2 Ke6 53.
Bxc7 Rxh4+ 54. Kg2 Be4+ 55. Kf2 Bd5 56. Rg1 Rg4 57. Rxg4 1/2-1/2